000 00934cab a22002055a 4500
001 L148331
008 090904s2009 xxk 000 0 eng d
035 _a(Sirsi) u148331
041 0 _aeng
100 1 _aParnham, Phil
245 0 0 _aHBR
_ball you need to know
260 _c2009
490 _aResidential Property Journal
_vJuly-August 2009, 12-15(3)
520 _aElemental condition reports and health and safety hazards are examined in some depth in the context of the Homebuyer Report 2009 (HBR) launched in July 2009. Outlines the differences in how these concepts are covered in teh HBR and Homebuyer service and Valuation (HSV) which is being withdrawn in December 2009. Advises RICS members how to join HBR copyright licence scheme.
590 _aKA
650 2 4 _aHOMEBUYERS REPORT
651 4 _aUnited Kingdom
_y
690 _aPROPERTY-RESIDENTIAL PROPERTY-RESIDENTIAL PROPERTY APPRAISAL AND VALUATION
942 _n0
999 _c81794
_d81794